Miscellaneous 3 - Statistics

General Stats
  • This quiz has been taken 10 times
  • The average score is 6 of 21
Answer Stats
Hint Answer % Correct
Name any of The Four Horsemen of the Apocalypse. Conquest / War / Famine / Death
88%
Name any of the Wright brothers. Orville / Wilbur / Lorin
75%
Why did Shrek say "Ogres are like onions." Layers / They have layers
63%
Which US president lived in Jakarta, Indonesia from ages 6 to 10? Barack / Obama
50%
What country is George St. Pierre from? Canada
50%
There's only one way to move two of your pieces during the same turn in chess. What is this called? Castle / Castling
50%
Which movie started the "Cup Song" trend? Pitch Perfect
38%
What is the only Normal/Water type Pokemon? Bibarel
25%
What song was paired with the Mannequin Challenge in 2016? Black Beatles
25%
Who featured on Fetty Wap's "My Way"? Monty
25%
What is the stage-name of Atlanta rapper Sheyaa Bin Abraham-Joseph? His biggest song was with Post Malone. 21 Savage
13%
Lebron James has two sons, Bronny James & _____ James. Bryce
13%
Which TF2 map enables medieval mode? Degroot / Degroot Keep
13%
Who dropped out of Harvard in order to work for Microsoft, then went on to create his own business and became a billionaire? Gabe Newell
13%
Who did Nathuram Godse assassinate in 1948? He published a book called "Why I Killed ______" Ghandi / Mahatma
13%
Which celebrity tried to buy Marvel in order to fulfill his dream of playing Spiderman in a movie? Michael Jackson / MJ
13%
What did Karl-Anthony Towns say that Anthony Edwards should stop eating so much of? Popeyes
13%
Who is Megamind's love interest? Roxanne
13%
Name either parent of Kyle Broflovski. Sheila / Gerald
13%
What are humans with devilish ancestry called in D&D? Tiefling
13%
"Damn Daniel, back at it again with the _____ ____." White Vans
13%
No matching quizzes found
Score Distribution
Percent of People with Each Score
Percentile by Number Answered
Your Score History
You have not taken this quiz